Christianity and history
Gardado en:
| Autor Principal: | |
|---|---|
| Formato: | Libro |
| Idioma: | inglés |
| Publicado: |
Londres
Collins
1967
|
| Edición: | 4a. ed |
| Series: | Fontana Books, 162
|
| Subjects: | |
| Tags: |
Engadir etiqueta
Sen Etiquetas, Sexa o primeiro en etiquetar este rexistro!
|
MARC
| LEADER | 00000cam a2200000 a 4500 | ||
|---|---|---|---|
| 001 | UCE9843 | ||
| 003 | CL-VaPUC | ||
| 008 | 151106e19670000uk |||||||||||||||||eng|d | ||
| 082 | 0 | 4 | |a 232 |b BUT |2 21 |
| 100 | 0 | |a Butterfield, Herbert |e author |9 582801 | |
| 245 | 1 | 0 | |a Christianity and history |
| 250 | |a 4a. ed | ||
| 300 | |a 189 p | ||
| 942 | |c BK | ||
| 945 | |d 20151106 14:16:00 |a gsalatino | ||
| 260 | |a Londres |b Collins |c 1967 | ||
| 650 | 0 | |a Teología |9 258766 | |
| 650 | 0 | |a Cristianismo |9 257361 | |
| 583 | |a last modification |c 20151106 14:16:00 |k Rodrigo Vera | ||
| 490 | 0 | |a Fontana Books, 162 | |
| 999 | |c 361486 |d 361484 | ||
| 952 | |0 0 |1 0 |3 erb |4 0 |6 232_000000000000000_BUT_1967 |7 0 |8 P |9 472047 |a BIBTEO |b BIBTES |c TEO_FTES |i 5208459 |o 232 BUT 1967 |p 5208459 |r 2024-01-18 |w 2019-11-24 |y BK |z Catalogado en:20151106 |k ICR | ||